000 00714nam a2200229Ia 4500
003 OSt
005 20220926002419.0
006 a|||||r|||| 00| 0
007 ta
008 220923b |||||||| |||| 00| 0 eng d
037 _cGeneral Book
040 _aRTL
_cRTL
_beng
041 _2eng
_aeng
082 _aX9(F182).2, N68, K8
110 _aINDIA, STEEL, MINES AND METALS (ministry of-)
_9305679
245 0 _aPerformance of hindustan steel ltd
260 _a New Delhi
_bMinsitry of steel mines and metals
_c1968
300 _aii, 32p
_ccm.
700 _aINDIA, STEEL, MINES AND METALS (ministry of-)
_9305680
942 _hX9(F182).2, N68, K8
_cGB
_2CC
999 _c604873
_d604873